Statystyki dla Zgadnij minerały po ich wzorze chemicznym

Kliknij tutaj aby rozwiązać quiz!

Ogólne statystyki

  • Ten quiz został rozwiązany 16 razy
  • Średni wynik to 5 z 10

Statystyki odpowiedzi

WzórMinerał% Poprawnych
AgSrebro
100%
AuZłoto
100%
SiO2Kwarc
56%
CDiament
50%
NaClHalit
44%
FeS2Piryt
44%
Fe2O3Hematyt
31%
CaCO3Kalcyt
31%
Cu2(CO3)(OH)2Malachit
31%
SiO2xnH2OOpal
25%

Rozkład punktacji

Percentyl według liczby udzielonych odpowiedzi

Procent ludzi z każdym wynikiem

Twoja historia wyników

Nie rozwiązałeś tego quizu